Budaya ilmu dan gagasan 1Malaysia : (Record no. 205)

000 -LEADER
fixed length control field pam a22 a 4500
003 - CONTROL NUMBER IDENTIFIER
control field AKMAL
005 - DATE AND TIME OF LATEST TRANSACTION
control field 20170426104649.0
008 - FIXED-LENGTH DATA ELEMENTS--GENERAL INFORMATION
fixed length control field 170426s2012 my a e | f000 0 may d
020 ## - INTERNATIONAL STANDARD BOOK NUMBER
International Standard Book Number 9789671070406 (kkt.)
082 04 - DEWEY DECIMAL CLASSIFICATION NUMBER
Classification number 959.5 WAN
Edition number 22
090 00 - LOCALLY ASSIGNED LC-TYPE CALL NUMBER (OCLC); LOCAL CALL NUMBER (RLIN)
Classification number (OCLC) (R) ; Classification number, CALL (RLIN) (NR) 959.5
Local cutter number (OCLC) ; Book number/undivided call number, CALL (RLIN) WAN
100 0# - MAIN ENTRY--PERSONAL NAME
Personal name Wan Mohd Nor Wan Daud,
Dates associated with a name 1955-
9 (RLIN) 464
245 10 - TITLE STATEMENT
Title Budaya ilmu dan gagasan 1Malaysia :
Remainder of title membina negara maju dan bahagia /
Statement of responsibility, etc. Wan Mohd Nor Wan Daud
260 ## - PUBLICATION, DISTRIBUTION, ETC.
Place of publication, distribution, etc. Putrajaya :
Name of publisher, distributor, etc. Akademi Kenegaraan Biro Tatanegara, Jabatan Perdana Menteri,
Date of publication, distribution, etc. 2012
300 ## - PHYSICAL DESCRIPTION
Extent xiv, 65ms. :
Other physical details il. wrn. ;
Dimensions 23cm.
650 10 - SUBJECT ADDED ENTRY--TOPICAL TERM
Topical term or geographic name entry element Social integration
Geographic subdivision Malaysia
9 (RLIN) 465
650 20 - SUBJECT ADDED ENTRY--TOPICAL TERM
Topical term or geographic name entry element Knowledge, Theory of
Geographic subdivision Malaysia
9 (RLIN) 466
651 #0 - SUBJECT ADDED ENTRY--GEOGRAPHIC NAME
Geographic name Malaysia
General subdivision Politics and government
9 (RLIN) 44
651 #0 - SUBJECT ADDED ENTRY--GEOGRAPHIC NAME
Geographic name Malaysia
General subdivision Social policy
9 (RLIN) 454
651 #0 - SUBJECT ADDED ENTRY--GEOGRAPHIC NAME
Geographic name Malaysia
General subdivision Social conditions
9 (RLIN) 45
942 ## - ADDED ENTRY ELEMENTS (KOHA)
Source of classification or shelving scheme
Koha item type Book
Holdings
Withdrawn status Lost status Source of classification or shelving scheme Damaged status Not for loan Collection code Home library Current library Shelving location Date acquired Inventory number Total Checkouts Full call number Barcode Date last seen Price effective from Koha item type
          NON-FICTION AKMAL Melaka AKMAL Melaka PINJAMAN 26.04.2017 900567   959.5 WAN 201700597 26.04.2017 26.04.2017 Book
          NON-FICTION AKMAL Melaka AKMAL Melaka PINJAMAN 26.04.2017 900564   959.5 WAN 201700598 26.04.2017 26.04.2017 Book
          NON-FICTION AKMAL Melaka AKMAL Melaka PINJAMAN 26.04.2017 900565   959.5 WAN 201700596 26.04.2017 26.04.2017 Book
          NON-FICTION AKMAL Melaka AKMAL Melaka PINJAMAN 26.04.2017 900568   959.5 WAN 201700595 26.04.2017 26.04.2017 Book
          NON-FICTION AKMAL Melaka AKMAL Melaka PINJAMAN 28.04.2017 900566   959.5 WAN 201700662 28.04.2017 28.04.2017 Book
Pusat Sumber Maklumat Dato' Haji Sarmin Md Hussin, Akademi Kastam Diraja Malaysia, Melaka
Tel: 06-2331106 | Faks: 06-2313787